[Event "Ruhrgebiet Verbandsklasse Gruppe 1 1415"]
[Site "Germany"]
[Date "2015.03.01"]
[Round "7.4"]
[White "Rempe, Moritz"]
[Black "Josten, Severin Johannes"]
[Result "1/2-1/2"]
[WhiteElo "1879"]
[BlackElo "1811"]
[PlyCount "41"]
[EventDate "2014.09.21"]
[EventType "team-tourn"]
[EventRounds "9"]
[EventCountry "GER"]
[SourceTitle "EXT 2022"]
[Source "ChessBase"]
[SourceDate "2021.10.06"]
[SourceVersion "1"]
[SourceVersionDate "2021.10.06"]
[SourceQuality "1"]
[WhiteTeam "Bochum SG IV"]
[BlackTeam "Oberhausen SW"]
[WhiteTeamCountry "GER"]
[BlackTeamCountry "GER"]

1. e4 e6 2. d4 d5 3. exd5 exd5 4. Nf3 Nf6 5. Bd3 Bd6 6. 0-0 0-0 7. Bg5 Bg4 8. Nbd2 Nbd7 9. c3 c6 10. Qc2 Qc7 11. h3 Bh5 12. Nh4 Bg6 13. Nxg6 hxg6 14. Nf3 Rfe8 15. Rfe1 Nf8 16. Bxf6 gxf6 17. g3 Kg7 18. Kg2 Ne6 19. Nh4 Rh8 20. Nf3 Qd7 21. Rh1 1/2-1/2

[Event "Ruhrgebiet Verbandsklasse Gruppe 1 1415"]
[Site "Germany"]
[Date "2015.02.08"]
[Round "6.5"]
[White "Langschmidt, Dirk"]
[Black "Josten, Severin Johannes"]
[Result "1-0"]
[WhiteElo "1951"]
[BlackElo "1811"]
[PlyCount "79"]
[EventDate "2014.09.21"]
[EventType "team-tourn"]
[EventRounds "9"]
[EventCountry "GER"]
[SourceTitle "EXT 2022"]
[Source "ChessBase"]
[SourceDate "2021.10.06"]
[SourceVersion "1"]
[SourceVersionDate "2021.10.06"]
[SourceQuality "1"]
[WhiteTeam "Muelheim SC"]
[BlackTeam "Oberhausen SW"]
[WhiteTeamCountry "GER"]
[BlackTeamCountry "GER"]

1. e4 e6 2. d4 d5 3. Nc3 dxe4 4. Nxe4 Bd7 5. Nf3 Bc6 6. Bd3 Nd7 7. c4 Ngf6 8. Nc3 Bxf3 9. Qxf3 c6 10. 0-0 Bd6 11. Re1 0-0 12. Bg5 Qc7 13. g3 h6 14. Bd2 Rfe8 15. Ne4 Nxe4 16. Rxe4 e5 17. Rg4 Re6 18. Qf5 g6 19. c5 Bf8 20. Bc4 Bg7 21. Rxg6 Nf8 22. Rxg7+ Kxg7 23. Bxe6 Nxe6 24. dxe5 Qe7 25. Qg4+ Kh7 26. Qh5 Qf8 27. Qf5+ Kg8 28. Re1 Rd8 29. Be3 Rd5 30. Qf6 Kh7 31. Qf5+ Kg8 32. b4 Qg7 33. f4 Nd4 34. Qe4 Ne6 35. Kg2 Qg4 36. h3 Qg7 37. Re2 Qf8 38. f5 Nc7 39. Qg4+ Kh7 40. e6 1-0

[Event "NRW Verbandsklasse Group1 1314"]
[Site "Nordrheinwestfalen"]
[Date "2013.11.03"]
[Round "3"]
[White "Schulz, Alfons"]
[Black "Josten, Severin Johannes"]
[Result "1-0"]
[WhiteElo "1851"]
[BlackElo "1820"]
[PlyCount "51"]
[EventDate "2013.09.08"]
[EventType "team-tourn"]
[EventRounds "9"]
[EventCountry "GER"]
[SourceTitle "EXT 2020"]
[Source "ChessBase"]
[SourceDate "2019.10.17"]
[SourceVersion "1"]
[SourceVersionDate "2019.10.17"]
[SourceQuality "1"]
[WhiteTeam "Koenigsspringer Haltern"]
[BlackTeam "Oberhausen SW"]
[WhiteTeamCountry "GER"]
[BlackTeamCountry "GER"]

1. e4 e6 2. d3 d5 3. Nd2 c5 4. Ngf3 Nc6 5. g3 Nf6 6. Bg2 b5 7. 0-0 Be7 8. Re1 0-0 9. e5 Nd7 10. c3 a5 11. h4 a4 12. a3 Ba6 13. Nf1 h6 14. N3h2 Na5 15. Bf4 Nb6 16. Qe2 Rc8 17. Nd2 g5 18. hxg5 hxg5 19. Qg4 Kh8 20. Be3 d4 21. Be4 Kg7 22. Bxg5 Bxg5 23. Nhf3 Rg8 24. Nxg5 Kf8 25. Nh7+ Ke7 26. Qh4+ 1-0

[Event "Ruhrgebiet VK1 1112"]
[Site "Nordrheinwestfalen"]
[Date "2011.12.11"]
[Round "4.2"]
[White "Huenemeyer, Dirk"]
[Black "Josten, Severin Johannes"]
[Result "1-0"]
[WhiteElo "1887"]
[BlackElo "1846"]
[PlyCount "65"]
[EventDate "2012.09.18"]
[EventType "team-tourn"]
[EventRounds "9"]
[EventCountry "GER"]
[SourceTitle "EXT 2020"]
[Source "ChessBase"]
[SourceDate "2019.10.17"]
[SourceVersion "1"]
[SourceVersionDate "2019.10.17"]
[SourceQuality "1"]
[WhiteTeam "Weisse Dame Borbeck II"]
[BlackTeam "Oberhausen SW"]
[WhiteTeamCountry "GER"]
[BlackTeamCountry "GER"]

1. c4 Nf6 2. Nc3 e6 3. e4 d5 4. e5 d4 5. exf6 dxc3 6. fxg7 cxd2+ 7. Bxd2 Bxg7 8. Qc2 Nc6 9. Nf3 Nd4 10. Nxd4 Bxd4 11. Bc3 c5 12. g3 Qf6 13. Bxd4 cxd4 14. Bg2 Qe5+ 15. Kd2 Qa5+ 16. Ke2 0-0 17. Rad1 Rd8 18. h4 Rb8 19. h5 b5 20. c5 Qxa2 21. Rh4 e5 22. Qd2 f6 23. Qh6 Qxb2+ 24. Kf1 d3 25. Bf3 e4 26. Rxe4 Rb7 27. c6 Rg7 28. Qe3 Rf7 29. h6 b4 30. Re1 Bf5 31. Re8+ Rxe8 32. Qxe8+ Rf8 33. Bd5+ 1-0

[Event "Ruhrgebiet VK1 1112"]
[Site "Nordrheinwestfalen"]
[Date "2011.10.09"]
[Round "2.2"]
[White "Josten, Severin Johannes"]
[Black "Kleibaumhueter, Klaus"]
[Result "1/2-1/2"]
[WhiteElo "1846"]
[BlackElo "2087"]
[PlyCount "77"]
[EventDate "2012.09.18"]
[EventType "team-tourn"]
[EventRounds "9"]
[EventCountry "GER"]
[SourceTitle "EXT 2020"]
[Source "ChessBase"]
[SourceDate "2019.10.17"]
[SourceVersion "1"]
[SourceVersionDate "2019.10.17"]
[SourceQuality "1"]
[WhiteTeam "Oberhausen SW"]
[BlackTeam "Rochade Eving"]
[WhiteTeamCountry "GER"]
[BlackTeamCountry "GER"]

1. d4 d5 2. c4 dxc4 3. Nf3 c5 4. e3 e6 5. Bxc4 Nf6 6. 0-0 a6 7. a4 Nc6 8. Nc3 cxd4 9. exd4 Be7 10. Be3 0-0 11. h3 Nb4 12. Qb3 Bd7 13. Ne5 Bc6 14. Bxe6 fxe6 15. Qxe6+ Kh8 16. Nf7+ Rxf7 17. Qxf7 Nbd5 18. Qe6 Rc8 19. Rfc1 Bd7 20. Qe5 Nb4 21. Qg3 Bc6 22. Rd1 Nbd5 23. Bd2 Bd6 24. Qh4 Bc7 25. f3 Ne7 26. Bf4 Nf5 27. Bxc7 Qxc7 28. Qg5 Bd7 29. Rac1 h6 30. Qd2 Qg3 31. Ne4 Nxe4 32. Rxc8+ Bxc8 33. fxe4 Ne3 34. Rc1 Bxh3 35. Rc3 Bxg2 36. Qxe3 Bf3+ 37. Kf1 Qg2+ 38. Ke1 Qh1+ 39. Kf2 1/2-1/2

[Event "Herne-ch 14th"]
[Site "Herne"]
[Date "2011.03.01"]
[Round "4"]
[White "Nebel, Uwe"]
[Black "Josten, Severin Johannes"]
[Result "0-1"]
[WhiteElo "2016"]
[BlackElo "1813"]
[PlyCount "78"]
[EventDate "2011.02.07"]
[EventType "swiss"]
[EventRounds "7"]
[EventCountry "GER"]
[SourceTitle "EXT 2014"]
[Source "ChessBase"]
[SourceDate "2013.11.20"]
[SourceVersion "1"]
[SourceVersionDate "2013.11.20"]
[SourceQuality "1"]

1. e4 c5 2. c3 Nf6 3. e5 Nd5 4. d4 cxd4 5. cxd4 d6 6. Nf3 e6 7. Bd2 Nc6 8. Nc3 Nxc3 9. Bxc3 Be7 10. Bd3 d5 11. a3 a6 12. b4 b5 13. Rc1 Qb6 14. Qb3 Bd7 15. 0-0 0-0 16. Qb1 h6 17. h4 Rfb8 18. g4 Qd8 19. g5 hxg5 20. hxg5 Bxg5 21. Kg2 f5 22. Rh1 Bxc1 23. Qxc1 Rc8 24. Ng5 Ne7 25. Rh8+ Kxh8 26. Nf7+ Kg8 27. Nxd8 Rxd8 28. Bd2 Kf7 29. Bg5 Rac8 30. Bxe7 Rxc1 31. Bxd8 Rc3 32. Be2 Rxa3 33. f4 Ra4 34. Ba5 Kg6 35. Kg3 Kh6 36. Kh4 Ra2 37. Bf3 Rxa5 38. bxa5 b4 39. Bd1 Bb5 0-1

[Event "Herne-ch 14th"]
[Site "Herne"]
[Date "2011.02.15"]
[Round "2"]
[White "Tenhagen, Hermann"]
[Black "Josten, Severin Johannes"]
[Result "0-1"]
[WhiteElo "1538"]
[BlackElo "1813"]
[PlyCount "62"]
[EventDate "2011.02.07"]
[EventType "swiss"]
[EventRounds "7"]
[EventCountry "GER"]
[SourceTitle "EXT 2014"]
[Source "ChessBase"]
[SourceDate "2013.11.20"]
[SourceVersion "1"]
[SourceVersionDate "2013.11.20"]
[SourceQuality "1"]

1. e4 d6 2. d4 Nf6 3. Bd3 g6 4. f3 Bg7 5. Be3 Nc6 6. c3 e5 7. Ne2 0-0 8. Qd2 d5 9. Bh6 exd4 10. Bxg7 Kxg7 11. exd5 Qxd5 12. cxd4 Nxd4 13. Nbc3 Qe6 14. 0-0 Nxe2+ 15. Bxe2 Qb6+ 16. Kh1 Bf5 17. b3 Kg8 18. Rac1 Rfd8 19. Qb2 Ne8 20. Bc4 c6 21. Rfe1 Bd3 22. Ne4 Bxc4 23. Rxc4 Rd5 24. Nc3 Rd6 25. Rce4 Nf6 26. Re7 Rad8 27. Na4 Qa5 28. Qc2 Rd2 29. Qc4 Nd5 30. Rxb7 Rc2 31. Qe4 Qd2 0-1

[Event "Herne-ch 14th"]
[Site "Herne"]
[Date "2011.02.07"]
[Round "1"]
[White "Josten, Severin Johannes"]
[Black "Madeya, Juergen"]
[Result "0-1"]
[WhiteElo "1813"]
[BlackElo "1532"]
[PlyCount "68"]
[EventDate "2011.02.07"]
[EventType "swiss"]
[EventRounds "7"]
[EventCountry "GER"]
[SourceTitle "EXT 2014"]
[Source "ChessBase"]
[SourceDate "2013.11.20"]
[SourceVersion "1"]
[SourceVersionDate "2013.11.20"]
[SourceQuality "1"]

1. e4 e5 2. Nf3 Nc6 3. Bb5 f5 4. exf5 e4 5. Qe2 Qe7 6. Bxc6 dxc6 7. Nd4 c5 8. Qb5+ c6 9. Nxc6 Qd7 10. Nxa7 Rxa7 11. Qxd7+ Bxd7 12. 0-0 Bxf5 13. Re1 Be7 14. Nc3 Nf6 15. b3 Kf7 16. Ne2 Rd8 17. Ng3 Bg6 18. Re2 b5 19. Bb2 Rad7 20. Rd1 e3 21. d3 exf2+ 22. Rxf2 c4 23. d4 Kg8 24. Nf5 Bc5 25. c3 Ng4 26. Rf3 Bxf5 27. Re1 Bd6 28. Rxf5 Bxh2+ 29. Kh1 Bg3 30. Re6 Rd5 31. Rf3 Bf2 32. bxc4 bxc4 33. Rc6 Rh5+ 34. Rh3 Rb5 0-1